|
|
|
|
| LEADER |
01156nam a22002417a 4500 |
| 001 |
38279 |
| 003 |
BD-DhAAL |
| 008 |
220405t1991 ii a|||| b||| 00| 0 ben d |
| 999 |
|
|
|c 43974
|d 43974
|
| 040 |
|
|
|a BD-DhAAL
|
| 041 |
|
|
|a ben
|
| 082 |
|
|
|a 954.053
|2 23
|
| 100 |
|
|
|a শাসমল, বিমলানন্দ
|9 47687
|
| 245 |
|
|
|a ভারত কী করে ভাগ হলো /
|c বিমলানন্দ শাসমল
|
| 246 |
|
|
|a Bharat ki kore bhag holo
|
| 260 |
|
|
|a কলকাতা :
|b হিন্দুস্তান বুক সার্ভিস,
|c ১৯৯১.
|
| 300 |
|
|
|a ১৭৬ পৃষ্ঠা :
|b চিত্র ;
|c ২২ সে.মি.
|
| 504 |
|
|
|a গ্রন্থপঞ্জিগত নির্দেশিকা অন্তর্ভুক্ত।
|
| 541 |
|
|
|a Donated By Akbar Ali Khan
|e 38279
|
| 651 |
|
|
|a India
|x Politics and government
|y 1977-
|9 47688
|
| 852 |
|
|
|a Ayesha Abed Library
|c Akbar Ali Khan Collection
|
| 942 |
|
|
|2 ddc
|c BK
|
| 952 |
|
|
|0 0
|1 0
|2 ddc
|4 0
|6 954_053000000000000_SAS
|7 1
|9 70358
|a BRACUL
|b BRACUL
|c AAKC
|d 2022-04-05
|e Donated by Akbar Ali Khan
|l 0
|o 954.053 SAS
|p 3010038279
|r 2022-04-05
|t 1
|w 2022-04-05
|y BK
|